La ideología estética
Conjunto de ensayos donde el autor plantea sus preocupaciones más importantes, enmarcado en el ámbito de la estética, mirando sobre algunos de los grandes sistemas filosóficos de la modernidad. Entre los ensayos se destacan La epistemología de la metáfora, La alegoría de la persuasión en Pascal, dos...
Збережено в:
| Автор: | |
|---|---|
| Формат: | Книга |
| Мова: | Undetermined |
| Опубліковано: |
Madrid, España
Ediciones Cátedra
1998
|
| Предмети: | |
| Теги: |
Додати тег
Немає тегів, Будьте першим, хто поставить тег для цього запису!
|
MARC
| LEADER | 00000nam a2200000Ia 4500 | ||
|---|---|---|---|
| 008 | 170316s9999 xx 000 0 und d | ||
| 040 | |a cru BVZT | ||
| 090 | |a 100 D-15.1i | ||
| 100 | |a De Man, Paul | ||
| 245 | |a La ideología estética | ||
| 260 | |a Madrid, España | ||
| 260 | |b Ediciones Cátedra | ||
| 260 | |c 1998 | ||
| 300 | |a 271 páginas | ||
| 520 | |a Conjunto de ensayos donde el autor plantea sus preocupaciones más importantes, enmarcado en el ámbito de la estética, mirando sobre algunos de los grandes sistemas filosóficos de la modernidad. Entre los ensayos se destacan La epistemología de la metáfora, La alegoría de la persuasión en Pascal, dos dedicados a Kant sobre cuestiones de la teoría de la “fenomenalidad” y el problema de la materia. Además contiene un ensayo sobre la relación entre Kant y Schiller y otro sobre El concepto de ironía. | ||
| 650 | |a FILOSOFÍA |9 5 | ||
| 650 | |a PASCAL | ||
| 650 | |a KANT | ||
| 650 | |a ESTÉTICA DE HEGEL | ||
| 650 | |a SCHILLER | ||
| 650 | |a LA IDEOLOGÍA ESTÉTICA | ||
| 999 | |c 16008 |d 16008 | ||
| 942 | |c 15 D |h 100 D-15.1i |2 z | ||
